000 00858cam a2200241 4500
001 ABS62257
008 000000n2000 000 0 eng u
035 _a(Sirsi) u105536
100 _aHolloway, D.
245 _aBuy-to-let : the role for surveyors
260 _c2000
490 _aCSM
_bChartered Surveyor Monthly
_vApril 2000, 22-23(2)
520 _aDiscusses how surveyors could benefit from the Association of Residential Agents 'buy-to-let' initiative, getting involved with the purchase of such property, condition surveys, property management and insurance advice..
590 _aABS
650 _aLETTING AGENTS
650 _aProperty management
_96262
650 _aSAFETY
650 _aCONDITION SURVEYS
650 0 _aASSOCIATION OF RESIDENTIAL LETTING AGENTS
650 _aBUY-TO-LET
690 _aSURVEYING SERVICES
942 _n0
999 _c63235
_d63235